Les maths de A à Z - Statistiques

Statistiques générales
  • Ce quiz a été pris 824 fois
  • Le résultat moyen est 13 sur 26
Statistiques - réponses
Lettre Indice Réponse % Correct
D Nombres tels que : 0,25 ; 142,6 ; 3,47 Décimal
89%
O Polygone à huit côtés Octogone
82%
M Tables qu'il est parfois difficile d'apprendre Multiplication
80%
Q Résultat d'une division Quotient
79%
P a²+b²=c² Pythagore
71%
T Mathématicien ayant mesuré la hauteur des pyramides grâce à son célèbre théorème Thalès
69%
L f(x)=ax Linéaire
68%
E Relation d'égalité qui n'est vérifiée que pour certaines valeurs de l'inconnue Equation
64%
I Objet mathématique qui se traduit par l'aire sous la courbe Intégrale
60%
H Nécessaire à la bonne application d'une propriété Hypothèse
58%
B Injectif + surjectif Bijectif
57%
S Branche des mathématiques qui consiste à recueillir des données, puis à les analyser Statistique
53%
A Branche des mathématiques où sont notamment étudiées les fonctions Analyse
52%
G Mathématicien qui aurait découvert la formule de la somme des n premiers entiers à seulement 5 ans Carl Friedrich Gauss
44%
F Equivalent du prix Nobel en mathématiques Médaille Fields
44%
Y Professeur de mathématiques faisant des vidéos sur Youtube Yvan Monka
41%
K Concours de mathématiques souvent fait au collège Kangourou
39%
C Énoncé directement déduit d'un autre déjà prouvé ou admis Corollaire
37%
U Existence et ... Unicité
36%
X Surnom de l'école d'Henri Poincaré X
27%
R Mathématicien allemand à l'origine d'un des problèmes du millénaire Bernhard Riemann
26%
V Mathématicien et député français Cédric Villani
24%
J Matrice des dérivées partielles d'une fonction vectorielle Jacobienne
24%
N Par exemple 1 ; 9 ou 237 Entier naturel
23%
Z Elément absorbant pour les réels Zéro
17%
W Film de Matt Damon avec un génie des maths Will Hunting
14%
Aucun quiz correspondant
Distribution des résultats
% des personnes avec chaque résultat
Percentile par nombre de réponses
Votre historique - résultats
Vous n’avez pas pris ce quiz